'UK' Countries Quiz Stats

 Plays Quiz Updated May 21, 2019

Score 0/7 Timer 02:00
8 Plays Today
Country % Correct
United Kingdom
94%
Ukraine
76.3%
Uzbekistan
71.7%
Turkmenistan
53.4%
Turkey
52.8%
South Korea
26.3%
Burkina Faso
25%

You're not logged in!

Compare scores with friends on all Sporcle quizzes.
OR
Log In

Show Comments

Extras

Top Quizzes Today


Score Distribution

Your Account Isn't Verified!

In order to create a playlist on Sporcle, you need to verify the email address you used during registration. Go to your Sporcle Settings to finish the process.

Report this User

Report this user for behavior that violates our Community Guidelines.

Details: